Joaquín Balaguer : (Registro nro. 13922)
[ vista simple ]
| 000 -LEADER | |
|---|---|
| fixed length control field | 01108nam a2200289 a 4500 |
| 001 - CONTROL NUMBER | |
| control field | 000041265 |
| 003 - CONTROL NUMBER IDENTIFIER | |
| control field | DO-SdBNP |
| 005 - DATE AND TIME OF LATEST TRANSACTION | |
| control field | 20211227100536.0 |
| 008 - FIXED-LENGTH DATA ELEMENTS--GENERAL INFORMATION | |
| fixed length control field | 111110s2010 dr ac 001 0 spa d |
| 020 ## - INTERNATIONAL STANDARD BOOK NUMBER | |
| International Standard Book Number | 9789945871449 |
| 040 ## - CATALOGING SOURCE | |
| Original cataloging agency | DO-SdBNP |
| Language of cataloging | spa |
| Transcribing agency | BPMSU |
| 082 ## - DEWEY DECIMAL CLASSIFICATION NUMBER | |
| Classification number | 923.17293 |
| Item number | B171P 2010 |
| Edition number | 22 |
| 100 1# - MAIN ENTRY--PERSONAL NAME | |
| Personal name | Pérez, Odalís G. |
| Dates associated with a name | 1952- |
| 245 10 - TITLE STATEMENT | |
| Title | Joaquín Balaguer : |
| Remainder of title | la filología, la historia, el pensamiento / |
| Statement of responsibility, etc. | Odalís G. Pérez. |
| 260 ## - PUBLICATION, DISTRIBUTION, ETC. (IMPRINT) | |
| Place of publication, distribution, etc. | Santo Domingo : |
| Name of publisher, distributor, etc. | Fandación Joaquín Balaguer, |
| Date of publication, distribution, etc. | 2010. |
| 300 ## - PHYSICAL DESCRIPTION | |
| Extent | 689 p. : |
| Other physical details | il., retrs. ; |
| Dimensions | 24 cm. |
| 500 ## - GENERAL NOTE | |
| General note | Incluye datos biográficos del autor en las solapas |
| 500 ## - GENERAL NOTE | |
| General note | Incluye referencias bibliográficas y notas al pie de las páginas |
| 504 ## - BIBLIOGRAPHY, ETC. NOTE | |
| Bibliography, etc | Bibliografía : p. 645-677 |
| 590 ## - LOCAL NOTE (RLIN) | |
| Local note | Inventariado, 2021/VM |
| 600 10 - SUBJECT ADDED ENTRY--PERSONAL NAME | |
| Personal name | Balaguer, Joaquín, |
| Dates associated with a name | 1906-2002 |
| General subdivision | Conocimiento |
| 600 10 - SUBJECT ADDED ENTRY--PERSONAL NAME | |
| Personal name | Balaguer, Joaquín , |
| Dates associated with a name | 1906-2002 |
| General subdivision | Crítica e interpretación |
| 650 #4 - SUBJECT ADDED ENTRY--TOPICAL TERM | |
| Topical term or geographic name as entry element | Presidentes |
| Geographic subdivision | República Dominicana |
| Form subdivision | Biografías |
| 710 2# - ADDED ENTRY--CORPORATE NAME | |
| Corporate name or jurisdiction name as entry element | Fundación Joaquín Balaguer (República Dominicana) |
| 910 ## - USER-OPTION DATA (OCLC) | |
| User-option data | VMateo V. |
| 942 ## - ADDED ENTRY ELEMENTS (KOHA) | |
| Source of classification or shelving scheme | Dewey Decimal Classification |
| Koha item type | Libros |
| Withdrawn status | Lost status | Source of classification or shelving scheme | Damaged status | Not for loan | Collection code | Home library | Current library | Date acquired | Source of acquisition | Total Checkouts | Full call number | Barcode | Date last seen | Price effective from | Koha item type | Copy number |
|---|---|---|---|---|---|---|---|---|---|---|---|---|---|---|---|---|
| Dewey Decimal Classification | Colección Dominicana | Biblioteca Pública Metropolitana Salomé Ureña | Biblioteca Pública Metropolitana Salomé Ureña | 12/27/2021 | Fundación Joaquín Balaguer | BPMSU CD 923.17293 B171P 2010 | BPMSU21120014 | 12/27/2021 | 12/27/2021 | Libros | ||||||
| Dewey Decimal Classification | Colección Dominicana | Biblioteca Pública Metropolitana Salomé Ureña | Biblioteca Pública Metropolitana Salomé Ureña | 12/27/2021 | Fundación Joaquín Balaguer | BPMSU CD 923.17293 B171P 2010 | BPMSU21120015 | 12/27/2021 | 12/27/2021 | Libros | e.2 | |||||
| Dewey Decimal Classification | Colección Dominicana | Biblioteca Pública Metropolitana Salomé Ureña | Biblioteca Pública Metropolitana Salomé Ureña | 12/27/2021 | Fundación Joaquín Balaguer | BPMSU CD 923.17293 B171P 2010 | BPMSU25110098 | 11/25/2025 | 12/27/2021 | Libros | e.3 |